<?xml version="1.0" encoding="UTF-8"?>
<record
    xmlns:xsi="http://www.w3.org/2001/XMLSchema-instance"
    xsi:schemaLocation="http://www.loc.gov/MARC21/slim http://www.loc.gov/standards/marcxml/schema/MARC21slim.xsd"
    xmlns="http://www.loc.gov/MARC21/slim">

  <leader>05860cam a2200901 a 4500</leader>
  <controlfield tag="001">ocn648335562</controlfield>
  <controlfield tag="003">OCoLC</controlfield>
  <controlfield tag="005">20231017101505.0</controlfield>
  <controlfield tag="006">m     o  d        </controlfield>
  <controlfield tag="007">cr bn||||abp||</controlfield>
  <controlfield tag="007">cr bn||||ada||</controlfield>
  <controlfield tag="008">100716s2005    ne a    ob    001 0 eng d</controlfield>
  <datafield tag="015" ind1=" " ind2=" ">
    <subfield code="a">GBB7D1682</subfield>
    <subfield code="2">bnb</subfield>
  </datafield>
  <datafield tag="016" ind1="7" ind2=" ">
    <subfield code="a">018435050</subfield>
    <subfield code="2">Uk</subfield>
  </datafield>
  <datafield tag="020" ind1=" " ind2=" ">
    <subfield code="a">9781439833544</subfield>
    <subfield code="q">(e-book ;</subfield>
    <subfield code="q">PDF)</subfield>
  </datafield>
  <datafield tag="020" ind1=" " ind2=" ">
    <subfield code="a">1439833540</subfield>
    <subfield code="q">(e-book ;</subfield>
    <subfield code="q">PDF)</subfield>
  </datafield>
  <datafield tag="020" ind1=" " ind2=" ">
    <subfield code="z">0415364213</subfield>
    <subfield code="q">(hbk.)</subfield>
  </datafield>
  <datafield tag="020" ind1=" " ind2=" ">
    <subfield code="z">9780415364218</subfield>
    <subfield code="q">(hbk.)</subfield>
  </datafield>
  <datafield tag="020" ind1=" " ind2=" ">
    <subfield code="z">0415364280</subfield>
    <subfield code="q">(student pbk.)</subfield>
  </datafield>
  <datafield tag="020" ind1=" " ind2=" ">
    <subfield code="z">9780415364287</subfield>
    <subfield code="q">(student pbk.)</subfield>
  </datafield>
  <datafield tag="020" ind1=" " ind2=" ">
    <subfield code="a">9780429152320</subfield>
    <subfield code="q">(electronic bk.)</subfield>
  </datafield>
  <datafield tag="020" ind1=" " ind2=" ">
    <subfield code="a">0429152329</subfield>
    <subfield code="q">(electronic bk.)</subfield>
  </datafield>
  <datafield tag="024" ind1="8" ind2=" ">
    <subfield code="a">99966151443</subfield>
  </datafield>
  <datafield tag="029" ind1="1" ind2=" ">
    <subfield code="a">NZ1</subfield>
    <subfield code="b">13074794</subfield>
  </datafield>
  <datafield tag="029" ind1="1" ind2=" ">
    <subfield code="a">NZ1</subfield>
    <subfield code="b">13761522</subfield>
  </datafield>
  <datafield tag="029" ind1="1" ind2=" ">
    <subfield code="a">UKMGB</subfield>
    <subfield code="b">018435050</subfield>
  </datafield>
  <datafield tag="035" ind1=" " ind2=" ">
    <subfield code="a">(OCoLC)648335562</subfield>
    <subfield code="z">(OCoLC)327077648</subfield>
    <subfield code="z">(OCoLC)707372119</subfield>
    <subfield code="z">(OCoLC)973374457</subfield>
    <subfield code="z">(OCoLC)973499003</subfield>
    <subfield code="z">(OCoLC)1004609187</subfield>
    <subfield code="z">(OCoLC)1009340943</subfield>
    <subfield code="z">(OCoLC)1044783351</subfield>
    <subfield code="z">(OCoLC)1052028989</subfield>
    <subfield code="z">(OCoLC)1053322727</subfield>
    <subfield code="z">(OCoLC)1058206820</subfield>
    <subfield code="z">(OCoLC)1058604254</subfield>
    <subfield code="z">(OCoLC)1066119295</subfield>
    <subfield code="z">(OCoLC)1077353088</subfield>
    <subfield code="z">(OCoLC)1084329206</subfield>
    <subfield code="z">(OCoLC)1086408273</subfield>
    <subfield code="z">(OCoLC)1097095060</subfield>
    <subfield code="z">(OCoLC)1120043654</subfield>
    <subfield code="z">(OCoLC)1147826340</subfield>
    <subfield code="z">(OCoLC)1170941762</subfield>
    <subfield code="z">(OCoLC)1171101889</subfield>
    <subfield code="z">(OCoLC)1282698431</subfield>
    <subfield code="z">(OCoLC)1390933677</subfield>
    <subfield code="z">(OCoLC)1391462738</subfield>
  </datafield>
  <datafield tag="037" ind1=" " ind2=" ">
    <subfield code="a">TANDF_216702</subfield>
    <subfield code="b">Ingram Content Group</subfield>
  </datafield>
  <datafield tag="040" ind1=" " ind2=" ">
    <subfield code="a">OCLCE</subfield>
    <subfield code="b">eng</subfield>
    <subfield code="e">pn</subfield>
    <subfield code="c">OCLCE</subfield>
    <subfield code="d">OCLCQ</subfield>
    <subfield code="d">OCLCF</subfield>
    <subfield code="d">PUL</subfield>
    <subfield code="d">YDXCP</subfield>
    <subfield code="d">CRCPR</subfield>
    <subfield code="d">OCLCQ</subfield>
    <subfield code="d">UAB</subfield>
    <subfield code="d">OCLCQ</subfield>
    <subfield code="d">NLE</subfield>
    <subfield code="d">OCLCO</subfield>
    <subfield code="d">INT</subfield>
    <subfield code="d">OCLCA</subfield>
    <subfield code="d">AU@</subfield>
    <subfield code="d">OCLCO</subfield>
    <subfield code="d">OCLCQ</subfield>
    <subfield code="d">UKMGB</subfield>
    <subfield code="d">OCLCO</subfield>
    <subfield code="d">COO</subfield>
    <subfield code="d">YDX</subfield>
    <subfield code="d">VT2</subfield>
    <subfield code="d">LEAUB</subfield>
    <subfield code="d">NLW</subfield>
    <subfield code="d">UKAHL</subfield>
    <subfield code="d">LUN</subfield>
    <subfield code="d">OCLCQ</subfield>
    <subfield code="d">OCLCO</subfield>
    <subfield code="d">OCLCQ</subfield>
    <subfield code="d">SFB</subfield>
    <subfield code="d">INARC</subfield>
    <subfield code="d">OCLCQ</subfield>
  </datafield>
  <datafield tag="042" ind1=" " ind2=" ">
    <subfield code="a">dlr</subfield>
  </datafield>
  <datafield tag="050" ind1=" " ind2="4">
    <subfield code="a">GB855</subfield>
  </datafield>
  <datafield tag="055" ind1=" " ind2="8">
    <subfield code="a">QE516.4</subfield>
    <subfield code="b">.A77 2005</subfield>
  </datafield>
  <datafield tag="082" ind1="0" ind2="4">
    <subfield code="a">551.49</subfield>
    <subfield code="2">22</subfield>
  </datafield>
  <datafield tag="084" ind1=" " ind2=" ">
    <subfield code="a">38.86</subfield>
    <subfield code="2">bcl</subfield>
  </datafield>
  <datafield tag="084" ind1=" " ind2=" ">
    <subfield code="a">43.50</subfield>
    <subfield code="2">bcl</subfield>
  </datafield>
  <datafield tag="100" ind1="1" ind2=" ">
    <subfield code="a">Appelo, C. A. J.</subfield>
    <subfield code="9">28591</subfield>
  </datafield>
  <datafield tag="245" ind1="1" ind2="0">
    <subfield code="a">Geochemistry, groundwater and pollution /</subfield>
    <subfield code="c">C.A.J. Appelo, D. Postma.</subfield>
  </datafield>
  <datafield tag="250" ind1=" " ind2=" ">
    <subfield code="a">2nd ed.</subfield>
  </datafield>
  <datafield tag="260" ind1=" " ind2=" ">
    <subfield code="a">Leiden ;</subfield>
    <subfield code="a">New York :</subfield>
    <subfield code="b">Balkema,</subfield>
    <subfield code="c">&#xFFFD;2005.</subfield>
  </datafield>
  <datafield tag="300" ind1=" " ind2=" ">
    <subfield code="a">1 online resource (xviii, 649 pages) :</subfield>
    <subfield code="b">illustrations</subfield>
  </datafield>
  <datafield tag="336" ind1=" " ind2=" ">
    <subfield code="a">text</subfield>
    <subfield code="b">txt</subfield>
    <subfield code="2">rdacontent</subfield>
  </datafield>
  <datafield tag="337" ind1=" " ind2=" ">
    <subfield code="a">computer</subfield>
    <subfield code="b">c</subfield>
    <subfield code="2">rdamedia</subfield>
  </datafield>
  <datafield tag="338" ind1=" " ind2=" ">
    <subfield code="a">online resource</subfield>
    <subfield code="b">cr</subfield>
    <subfield code="2">rdacarrier</subfield>
  </datafield>
  <datafield tag="504" ind1=" " ind2=" ">
    <subfield code="a">Includes bibliographical references and index.</subfield>
  </datafield>
  <datafield tag="505" ind1="0" ind2=" ">
    <subfield code="a">1. Introduction to groundwater geochemistry -- 2. From rainwater to groundwater -- 3. Flow and transport -- 4. Minerals and water -- 5. Carbonates and carbon dioxide -- 6. Ion exchange -- 7. Sorption of trace metals -- 8. Silicate weathering -- 9. Redox processes -- 10. Pollution by organic chemicals -- 11. Numerical modeling.</subfield>
  </datafield>
  <datafield tag="506" ind1=" " ind2=" ">
    <subfield code="3">Use copy</subfield>
    <subfield code="f">Restrictions unspecified</subfield>
    <subfield code="2">star</subfield>
    <subfield code="5">MiAaHDL</subfield>
  </datafield>
  <datafield tag="506" ind1="1" ind2=" ">
    <subfield code="a">Legal Deposit;</subfield>
    <subfield code="c">Only available on premises controlled by the deposit library and to one user at any one time;</subfield>
    <subfield code="e">The Legal Deposit Libraries (Non-Print Works) Regulations (UK).</subfield>
    <subfield code="5">WlAbNL</subfield>
  </datafield>
  <datafield tag="520" ind1=" " ind2=" ">
    <subfield code="a">Building on the success of its 1993 predecessor, this second edition of Geochemistry, Groundwater and Pollution has been thoroughly re-written, updated and extended to provide a complete and authoritative account of modern hydrogeochemistry. Offering a quantitative approach to the study of groundwater quality and the interaction of water, minerals, gases, pollutants and microbes, this book shows how physical and chemical theory can be applied to explain observed water qualities and variations over space and time. Integral to the presentation, geochemical modelling using PHREEQC code is demonstrated, with step-by-step instructions for calculating and simulating field and laboratory data. Numerous figures and tables illustrate the theory, while worked examples including calculations and theoretical explanations assist the reader in gaining a deeper understanding of the concepts involved. A crucial read for students of hydrogeology, geochemistry and civil engineering, professionals in the water sciences will also find inspiration in the practical examples and modeling templates.</subfield>
  </datafield>
  <datafield tag="533" ind1=" " ind2=" ">
    <subfield code="a">Electronic reproduction.</subfield>
    <subfield code="b">[Place of publication not identified] :</subfield>
    <subfield code="c">HathiTrust Digital Library,</subfield>
    <subfield code="d">2010.</subfield>
    <subfield code="5">MiAaHDL</subfield>
  </datafield>
  <datafield tag="538" ind1=" " ind2=" ">
    <subfield code="a">Master and use copy. Digital master created according to Benchmark for Faithful Digital Reproductions of Monographs and Serials, Version 1. Digital Library Federation, December 2002.</subfield>
    <subfield code="u">http://purl.oclc.org/DLF/benchrepro0212</subfield>
    <subfield code="5">MiAaHDL</subfield>
  </datafield>
  <datafield tag="540" ind1=" " ind2=" ">
    <subfield code="a">Restricted: Printing from this resource is governed by The Legal Deposit Libraries (Non-Print Works) Regulations (UK) and UK copyright law currently in force.</subfield>
    <subfield code="5">WlAbNL</subfield>
  </datafield>
  <datafield tag="583" ind1="1" ind2=" ">
    <subfield code="a">digitized</subfield>
    <subfield code="c">2010</subfield>
    <subfield code="h">HathiTrust Digital Library</subfield>
    <subfield code="l">committed to preserve</subfield>
    <subfield code="2">pda</subfield>
    <subfield code="5">MiAaHDL</subfield>
  </datafield>
  <datafield tag="588" ind1="0" ind2=" ">
    <subfield code="a">Print version record.</subfield>
  </datafield>
  <datafield tag="650" ind1=" " ind2="0">
    <subfield code="a">Water chemistry.</subfield>
    <subfield code="9">28592</subfield>
  </datafield>
  <datafield tag="650" ind1=" " ind2="0">
    <subfield code="a">Groundwater.</subfield>
    <subfield code="9">28593</subfield>
  </datafield>
  <datafield tag="650" ind1=" " ind2="0">
    <subfield code="a">Groundwater</subfield>
    <subfield code="x">Pollution.</subfield>
    <subfield code="9">28594</subfield>
  </datafield>
  <datafield tag="650" ind1=" " ind2="6">
    <subfield code="a">Eau</subfield>
    <subfield code="x">Chimie.</subfield>
    <subfield code="9">28595</subfield>
  </datafield>
  <datafield tag="650" ind1=" " ind2="6">
    <subfield code="a">Eau souterraine.</subfield>
    <subfield code="9">28596</subfield>
  </datafield>
  <datafield tag="650" ind1=" " ind2="6">
    <subfield code="a">Eau souterraine</subfield>
    <subfield code="x">Pollution.</subfield>
    <subfield code="9">28597</subfield>
  </datafield>
  <datafield tag="650" ind1=" " ind2="7">
    <subfield code="a">Groundwater.</subfield>
    <subfield code="2">fast</subfield>
    <subfield code="0">(OCoLC)fst00948209</subfield>
    <subfield code="9">28593</subfield>
  </datafield>
  <datafield tag="650" ind1=" " ind2="7">
    <subfield code="a">Groundwater</subfield>
    <subfield code="x">Pollution.</subfield>
    <subfield code="2">fast</subfield>
    <subfield code="0">(OCoLC)fst00948250</subfield>
    <subfield code="9">28594</subfield>
  </datafield>
  <datafield tag="650" ind1=" " ind2="7">
    <subfield code="a">Water chemistry.</subfield>
    <subfield code="2">fast</subfield>
    <subfield code="0">(OCoLC)fst01171592</subfield>
    <subfield code="9">28592</subfield>
  </datafield>
  <datafield tag="650" ind1=" " ind2="7">
    <subfield code="a">Umweltverschmutzung</subfield>
    <subfield code="2">gnd</subfield>
    <subfield code="9">27704</subfield>
  </datafield>
  <datafield tag="650" ind1=" " ind2="7">
    <subfield code="a">Geochemie</subfield>
    <subfield code="2">gnd</subfield>
    <subfield code="9">28598</subfield>
  </datafield>
  <datafield tag="650" ind1=" " ind2="7">
    <subfield code="a">Grundwasser</subfield>
    <subfield code="2">gnd</subfield>
    <subfield code="9">28599</subfield>
  </datafield>
  <datafield tag="650" ind1=" " ind2="7">
    <subfield code="a">Geoqu&#xFFFD;imica.</subfield>
    <subfield code="2">larpcal</subfield>
    <subfield code="9">28600</subfield>
  </datafield>
  <datafield tag="650" ind1=" " ind2="7">
    <subfield code="a">Hidrogeologia.</subfield>
    <subfield code="2">larpcal</subfield>
    <subfield code="9">28601</subfield>
  </datafield>
  <datafield tag="650" ind1=" " ind2="7">
    <subfield code="a">Polui&#xFFFD;c&#xFFFD;ao de &#xFFFD;aguas subterr&#xFFFD;aneas.</subfield>
    <subfield code="2">larpcal</subfield>
    <subfield code="9">28602</subfield>
  </datafield>
  <datafield tag="650" ind1="0" ind2="7">
    <subfield code="a">Umweltverschmutzung.</subfield>
    <subfield code="2">swd</subfield>
    <subfield code="9">27704</subfield>
  </datafield>
  <datafield tag="650" ind1="0" ind2="7">
    <subfield code="a">Geochemie.</subfield>
    <subfield code="2">swd</subfield>
    <subfield code="9">28598</subfield>
  </datafield>
  <datafield tag="650" ind1="0" ind2="7">
    <subfield code="a">Grundwasser.</subfield>
    <subfield code="2">swd</subfield>
    <subfield code="9">28599</subfield>
  </datafield>
  <datafield tag="700" ind1="1" ind2=" ">
    <subfield code="a">Postma, Dieke.</subfield>
    <subfield code="9">28603</subfield>
  </datafield>
  <datafield tag="773" ind1="0" ind2=" ">
    <subfield code="t">CHEMLIBnetBASE</subfield>
  </datafield>
  <datafield tag="776" ind1="0" ind2="8">
    <subfield code="i">Print version:</subfield>
    <subfield code="a">Appelo, C.A.J.</subfield>
    <subfield code="t">Geochemistry, groundwater and pollution.</subfield>
    <subfield code="b">2nd ed.</subfield>
    <subfield code="d">Leiden ; New York : Balkema, &#xFFFD;2005</subfield>
    <subfield code="w">(OCoLC)60649644</subfield>
  </datafield>
  <datafield tag="856" ind1="4" ind2="0">
    <subfield code="u">https://koha.ucc.edu.gh/cgi-bin/koha/opac-retrieve-file.pl?id=f24d2b3e1331ea77797ef4f7774c8cff</subfield>
  </datafield>
  <datafield tag="942" ind1=" " ind2=" ">
    <subfield code="2">lcc</subfield>
    <subfield code="c">BK</subfield>
  </datafield>
  <datafield tag="948" ind1=" " ind2=" ">
    <subfield code="h">NO HOLDINGS IN GHUCC - 70 OTHER HOLDINGS</subfield>
  </datafield>
  <datafield tag="999" ind1=" " ind2=" ">
    <subfield code="c">46377</subfield>
    <subfield code="d">46377</subfield>
  </datafield>
</record>
